000 00989nam a2200277 4500
001 174672
003 ES-MaACL
005 20250604062633.0
008 100514s1976 sp |||| |bspa d
017 _aB 22539-1976
020 _a84-01-41080-0
080 _a946"1902/31"
080 _a92 Alfonso(46)XIII
100 1 _aTavera Baz, José María.
_9109420
245 1 4 _aLos últimos días
_b: 12, 13, 14 y 15 de abril de 1931 /
_cJosé M.ª Tavera.
260 _aEsplugas de Llobregat (Barcelona) :
_bPlaza & Janés,
_cD.L. 1976.
300 _a422 p. ;
_c18 cm.
490 1 _aEl arca de papel ;
_v80
599 _aPortada [i. e. cub.] de Espinosa.
600 0 4 _aAlfonso
_bXIII,
_cRey de España
_9235132
651 4 _aEspaña-
_xHistoria-
_y1902-1931, Alfonso XIII
_98276
651 4 _aEspaña-
_xHistoria-
_y1902-1931, Alfonso XIII
_98276
830 0 _aEl arca de papel ;
_v80
_9183379
852 4 _aES-MaACL
_jC-57238
_z. - Firma autógrafa de donante
999 _c174672
_d174672